Statistiques concernant Harry Potter: les ASPIC

Cliquez ici pour prendre le quiz!

Statistiques générales

  • Ce quiz a été pris 78 fois
  • Le résultat moyen est 19 sur 27

Statistiques - réponses

InformationRéponses% Correct
Note (Echec)T
95%
Note (réussite)E
94%
Note (réussite)O
94%
Note (réussite)A
92%
Note (Echec)P
92%
Note (Echec)D
89%
Personne qui ne les a pas passéesHarry Potter
89%
Signification de la noteTroll
87%
Personne qui les a obtenuesHermione Granger
85%
Signification de la noteOptimal
85%
Personne qui ne les a pas passéesRon Weasley
85%
Année pendant laquelle on les passent7e année
81%
Signification de la noteAcceptable
79%
Signification de la noteEffort Exceptionnel
79%
Signification de la notePiètre
73%
Personne qui ne les a pas passéesFred Weasley
71%
Personne qui ne les a pas passéesGeorge Weasley
69%
Dernière mentionHarry Potter et le Prince de Sang-Mêlé
68%
Personne qui ne les a pas passéesNeville Londubat
68%
Signification de la noteDésolant
66%
Première mentionHarry Potter et le Prisonnier d'Azkaban
61%
Personne qui les a obtenuesPercy Weasley
58%
Personne qui les a obtenuesAlbus Dumbledore
45%
SignificationAccumulation de Sorcellerie Particulièrement Intensives et Contraignantes
31%
Personne qui les a obtenuesNymphadora Tonks
18%
Personne qui les a obtenuesTom Jedusor
18%
Personne qui les a obtenuesAlastor Maugrey
13%

Distribution des résultats

Percentile par nombre de réponses

% des personnes avec chaque résultat

Votre développement - résultats

Vous n’avez pas pris ce quiz